La década de América Latina y el Caribe : (Registro nro. 11717)
[ vista simple ]
| 000 -LEADER | |
|---|---|
| fixed length control field | 01344nam a2200253Ia 4500 |
| 003 - CONTROL NUMBER IDENTIFIER | |
| control field | OSt |
| 005 - DATE AND TIME OF LATEST TRANSACTION | |
| control field | 20210513142556.0 |
| 008 - FIXED-LENGTH DATA ELEMENTS--GENERAL INFORMATION | |
| fixed length control field | 210310s2011 ck abgogr 000 0 spa d |
| 020 ## - INTERNATIONAL STANDARD BOOK NUMBER | |
| International Standard Book Number | 9781597821391 |
| 040 ## - CATALOGING SOURCE | |
| Original cataloging agency | CO-JCMR |
| Transcribing agency | CO-JCMR |
| 041 0# - LANGUAGE CODE | |
| Language code of text/sound track or separate title | spa |
| 082 04 - DEWEY DECIMAL CLASSIFICATION NUMBER | |
| Classification number | 330.9805 / |
| Item number | B153d |
| Edition number | 23 |
| 100 1# - MAIN ENTRY--PERSONAL NAME | |
| Personal name | Moreno, Luis Alberto, |
| Relator term | autor |
| 9 (RLIN) | 6935 |
| 245 13 - TITLE STATEMENT | |
| Title | La década de América Latina y el Caribe : |
| Remainder of title | una oportunidad real / |
| Statement of responsibility, etc. | Luis Alberto Moreno |
| 250 ## - EDITION STATEMENT | |
| Edition statement | Segunda edición |
| 260 ## - PUBLICATION, DISTRIBUTION, ETC. | |
| Place of publication, distribution, etc. | Cali, Colombia : |
| Name of publisher, distributor, etc. | Banco Interamericano de Desarrollo, |
| Date of publication, distribution, etc. | 2011. |
| 300 ## - PHYSICAL DESCRIPTION | |
| Extent | 161 páginas : |
| Other physical details | ilustraciones, mapas, gráficos y fotografías a color ; |
| Dimensions | 23 cm. |
| 504 ## - BIBLIOGRAPHY, ETC. NOTE | |
| Bibliography, etc. note | Bibliografía: páginas 153-157 |
| 505 0# - FORMATTED CONTENTS NOTE | |
| Formatted contents note | Una economía regional. -- Las mejoras sociales: entre luces y sombras. -- El progreso institucional: Una revolución silenciosa. -- Las nuevas realidades. -- Los retos que persisten. -- El Banco que la religión necesita. |
| 520 ## - SUMMARY, ETC. | |
| Summary, etc. | El libro de Luis Alberto Moreno nos aporta información actualizada r inteligentes sugerencias para reflexionar, tanto sobre la trayectoria recorrida por los países de la región, como Acerca de la proyección que es posible formular para los tiempos que vendrán. |
| 650 14 - SUBJECT ADDED ENTRY--TOPICAL TERM | |
| Topical term or geographic name entry element | Condiciones económicas |
| Chronological subdivision | siglo XXI |
| 9 (RLIN) | 37616 |
| 650 24 - SUBJECT ADDED ENTRY--TOPICAL TERM | |
| Topical term or geographic name entry element | Política y gobierno. |
| 9 (RLIN) | 37617 |
| 942 ## - ADDED ENTRY ELEMENTS (KOHA) | |
| Source of classification or shelving scheme | Dewey Decimal Classification |
| Koha item type | Books |
| Withdrawn status | Lost status | Source of classification or shelving scheme | Damaged status | Not for loan | Home library | Current library | Shelving location | Date acquired | Source of acquisition | Total Checkouts | Full call number | Barcode | Date last seen | Date last checked out | Copy number | Price effective from | Koha item type |
|---|---|---|---|---|---|---|---|---|---|---|---|---|---|---|---|---|---|
| Dewey Decimal Classification | Biblioteca Pública José María del Castillo y Rada | Biblioteca Pública José María del Castillo y Rada | General Stacks | 04/15/2018 | Donación | 1 | 330.9805 / B153d | 430002189 | 07/25/2025 | 07/24/2025 | Ej.1 | 04/15/2018 | Books | ||||
| Dewey Decimal Classification | Biblioteca Pública José María del Castillo y Rada | Biblioteca Pública José María del Castillo y Rada | General Stacks | 04/15/2018 | Donación | 330.9805 / B153d | 430002188 | 05/16/2024 | Ej.2 | 04/15/2018 | Books |